Statistics for Countries With Less Than 100,000 People

Click here to take the quiz!

General Stats

  • This quiz has been taken 79 times
  • The average score is 10 of 13

Answer Stats

PopulationAnswer% Correct
801Vatican City
96%
33,931San Marino
91%
10,824Nauru
87%
39,242Monaco
86%
11,792Tuvalu
84%
77,265Andorra
83%
38,128Liechtenstein
78%
18,094Palau
78%
59,190Marshall Islands
64%
53,199St. Kitts and Nevis
62%
97,929Antigua and Barbuda
58%
71,986Dominica
45%
98,347Seychelles
42%

Score Distribution

Percentile by Number Answered

Percent of People with Each Score

Your Score History

You have not taken this quiz